El ciclo de la revolución contemporánea /
Guardado en:
| Autor Principal: | |
|---|---|
| Formato: | Libro |
| Publicado: |
Buenos Aires :
Losada,
1956
|
| Materias: | |
| Etiquetas: |
Agregar Etiqueta
Sin Etiquetas, Sea el primero en etiquetar este registro!
|
| LEADER | 00479nam a22001695a 4500 | ||
|---|---|---|---|
| 001 | CEM.cems005586 | ||
| 005 | 20060221000000.0 | ||
| 008 | 130507s1956##################000#0#####d | ||
| 003 | CEMS | ||
| 082 | 0 | 4 | |a 909 |
| 100 | 1 | |a Romero, José Luis | |
| 245 | 1 | 0 | |a El ciclo de la revolución contemporánea / |
| 260 | |a Buenos Aires : |b Losada, |c 1956 | ||
| 300 | |a 167 p. | ||
| 653 | |a Historia | ||
| 653 | |a Historia moderna y contemporan | ||
| 859 | |a CEMS |b BIB. CEMS - 11 de abril |h 909 |i R664 |p 646.73 |t Ej.1 | ||
